000 00458nam a2200169Ia 4500
999 _c24824
_d24824
003 OSt
005 20201120100713.0
008 190216s9999||||xx |||||||||||||| ||und||
040 _coclc
082 _a920
_bBAL/N
100 _aBalakrishnan, P K
_91791
245 0 _aNarayana Guru /
_cP K Balakrishnan
260 _bNbs,
_aKottayam;
_c1954
300 _a345p
650 _aJeeva Charithram
942 _cBK
_2ddc
_h920
_iBAL/N
_k920
_mBAL/N